000 00302nam a2200121Ia 4500
008 190216s9999||||xx |||||||||||||| ||und||
100 _aSodhi G S
245 0 _aFundamental Concepts Of Environmental Chemistry
260 _bNarosa Pubs House
_c2000
300 _a465p
650 _aChemistry
942 _cBK
999 _c3107
_d3107